000 00557nam a2200229Ia 4500
003 OSt
005 20220924150932.0
006 a|||||r|||| 00| 0
007 ta
008 220923b |||||||| |||| 00| 0 tel d
024 _a335309
037 _cTextual
040 _aARTS
_cARTS
_btel
041 _2tel
_atel
082 _aO35,3N38,3, K7
100 _aVeera
_9223270
245 0 _aVideevidani chikkulu
260 _c1967
650 _aTELUGU FICTION
942 _hO35,3N38,3, K7
_cTEXL
_2CC
999 _c465059
_d465059